АРМИР: "международный аудит" состояния обеспечения радиационной безопасности; АНРИ; Аппаратура и новости радиационных измерений; № 4

Dades bibliogràfiques
Parent link:АНРИ.— , 2000-
Аппаратура и новости радиационных измерений: научно-информационный журнал/ Доза ; Государственный комитет по санэпиднадзору РФ ; Метрологическая академия РФ
№ 4.— 2006.— С. 56-60
Altres autors: Иванов В. К., Панфилов А. П., Василенко Е. К., Глазунов С. А., Козлов А. А., Русанов В. А.
Idioma:rus
Publicat: 2006
Col·lecció:Новости
Matèries:
Format: Capítol de llibre
KOHA link:https://koha.lib.tpu.ru/cgi-bin/koha/opac-detail.pl?biblionumber=403125

MARC

LEADER 00000naa2a2200000 4500
001 403125
005 20231101065849.0
035 |a (RuTPU)RU\TPU\prd\49141 
090 |a 403125 
100 |a 20070214a2006 k y0rusy50 ca 
101 0 |a rus 
102 |a RU 
200 1 |a АРМИР: "международный аудит" состояния обеспечения радиационной безопасности  |f В. К. Иванов [и др.] 
225 1 |a Новости 
320 |a Библиогр.: 3 назв. 
461 0 |0 (RuTPU)RU\TPU\prd\1302  |t АНРИ  |d 2000- 
461 |t Аппаратура и новости радиационных измерений  |o научно-информационный журнал  |f Доза ; Государственный комитет по санэпиднадзору РФ ; Метрологическая академия РФ 
463 0 |0 (RuTPU)RU\TPU\prd\48864  |t № 4  |v С. 56-60  |d 2006 
610 1 |a радиационная безопасность 
610 1 |a ядерная энергетика 
610 1 |a ядерные оружейные комплексы 
610 1 |a провокации 
610 1 |a террористы 
610 1 |a техногенные риски 
610 1 |a нештатные ситуации 
701 1 |a Иванов  |b В. К. 
701 1 |a Панфилов  |b А. П. 
701 1 |a Василенко  |b Е. К. 
701 1 |a Глазунов  |b С. А. 
701 1 |a Козлов  |b А. А. 
701 1 |a Русанов  |b В. А. 
801 1 |a RU  |b 63413507  |c 20070214  |g PSBO 
801 2 |a RU  |b 63413507  |c 20120321  |g RCR 
942 |c BK